Derecho de las fundaciones (Record no. 135810)

MARC details
000 -LEADER
fixed length control field 00955cam a2200181 4500
005 - DATE AND TIME OF LATEST TRANSACTION
control field 20251003080526.0
008 - FIXED-LENGTH DATA ELEMENTS--GENERAL INFORMATION
fixed length control field 031006s1996 Ag 000 0 spa u
020 ## - INTERNATIONAL STANDARD BOOK NUMBER
International Standard Book Number 9509714836
050 04 - LIBRARY OF CONGRESS CALL NUMBER
Classification number KHA472
Item number C34 1996
100 1# - MAIN ENTRY--PERSONAL NAME
Personal name Cahián, Adolfo
245 10 - TITLE STATEMENT
Title Derecho de las fundaciones
Remainder of title : Constitución de las fundaciones, Objeto y patrimonio fundacionales, Fundaciones: gobierno y administración, Disolución y liquidación, Régimen de fiscalización, Solicitud de personería jurídica y de aprobación de reformas estatutarias, Presentación de documentación ante el consejo de administración, Modelos, Tramitaciones, Régimen contable e impositivo, Normativa legal y reglamentaria
Statement of responsibility, etc / Adolfo Cahián ; prólogo de Avelino Porto
250 ## - EDITION STATEMENT
Edition statement 1a ed.
260 ## - PUBLICATION, DISTRIBUTION, ETC. (IMPRINT)
Place of publication, distribution, etc Buenos Aires :
Name of publisher, distributor, etc Ediciones La Rocca,
Date of publication, distribution, etc 1996
300 ## - PHYSICAL DESCRIPTION
Extent 429 p. :
Dimensions 23 cm.
650 #4 - SUBJECT ADDED ENTRY--TOPICAL TERM
Topical term or geographic name as entry element Fundaciones
Geographic subdivision Argentina
700 1# - ADDED ENTRY--PERSONAL NAME
Personal name Porto, Avelino,
Relator term prologuista
942 ## - ADDED ENTRY ELEMENTS (KOHA)
Source of classification or shelving scheme Biblioteca del Cogreso de los Estados Unidos
Koha item type Libro
Holdings
Estado de pérdida Fuente de clasificación Estado del daño No para préstamo Ubicación permanente Ubicación actual Apartado o colección Fecha de adquisición Edición Área del conocimiento Clasificación Código de Barras Date last seen Número de copia Costo por reposición Tipo de recurso
  Biblioteca del Cogreso de los Estados Unidos     Biblioteca de la Facultad de Derecho y Ciencias Sociales "Felipe J. Tena" Biblioteca de la Facultad de Derecho y Ciencias Sociales "Felipe J. Tena" General 18/02/2020 1a ed. Ciencias Agropecuarias KHA472 C34 1996 BFD000012201 18/02/2020 1 1.00 Libro